Sikerfeltételek a fogászati szolgáltatások piacán

Bibliográfiai részletek
Szerző: Nagy Adrienn
További közreműködők: Forgács dr. Anna
Dokumentumtípus: Diplomadolgozat
Kulcsszavak:Fogászat
Egészségügy
Fogászati turizmus
Szolgáltatás
Online Access:http://dolgozattar.uni-bge.hu/8476

MARC

LEADER 00000nta a2200000 i 4500
001 dolg8476
005 20170620144212.0
008 161208suuuu hu om 000 hun d
040 |a BGE Dolgozattár Repozitórium  |b hun 
041 |a hu 
100 1 |a Nagy Adrienn 
245 1 0 |a Sikerfeltételek a fogászati szolgáltatások piacán  |c Nagy Adrienn  |h [elektronikus dokumentum] 
695 |a Fogászat 
695 |a Egészségügy 
695 |a Fogászati turizmus 
695 |a Szolgáltatás 
700 1 |a Forgács dr. Anna  |e ths 
856 4 0 |u http://dolgozattar.uni-bge.hu/8476/1/szakdolgozat-Nagy%20Adrienn.pdf  |z Dokumentum-elérés